00479 a2200157 4500010001400000020001100014035001300025037001800038082000800056100001600064245006500080260003600145270009800181300002500279710001700304 aENG-85676 c395.00 aEN-69209 bD.B.Act / Pub14a9211 aColvin, Ian1 aThe life of General Dyercby Ian Colvin edited by Harsh Jain aChandigarhbUnistar Booksc2006 aS.C.O. 26-27, Sector 34 A,bChandigarhe160 022k0172-5077427, 5077428minfo@unistarbooks.com a270 p.c22 cm ( Hb.)1 aJain, Harish